000
00400nam a22001697a 4500
003
MPLRDC
005
20220104143312.0
008
210129b ||||| |||| 00| 0 eng d
082
_a
859.6 SJMJ-4 v.2
100
_a
不详
245
_a
残暴的国王
_c
260
_a
_b
二友贸易公司
_c
300
_b
平
490
_a
世界民间故事选集
650
_a
942
_c
BK
_o
859.6 SJMJ-4 v.2
999
_c
38587
_d
38577